|
|
|
|
| LEADER |
00000nab a22000001a 4500 |
| 001 |
vtls008998659 |
| 003 |
SK-MaSNL |
| 005 |
20260303065854.0 |
| 008 |
070613d19370202xo |r|p|||| |000 b|slo |
| 015 |
|
|
|a SNBRRBVU1918-1938
|
| 038 |
|
|
|a SNKBUCL
|
| 038 |
|
|
|a SNKBUVU
|
| 040 |
|
|
|a SNKBUVU
|b slo
|c SNKBUCL
|e AACR2
|
| 041 |
0 |
|
|a slo
|
| 044 |
|
|
|a xo
|c SK
|
| 080 |
|
|
|a 75.051:75.021.32
|2 1997
|
| 080 |
|
|
|a 75.021.32
|2 1997
|
| 100 |
1 |
|
|a Droppa, Vladimír,
|d 1907-1994
|4 aut
|9 38610
|
| 245 |
1 |
0 |
|a Čičmiansky kroj
|c Vladimír Droppa
|
| 500 |
|
|
|a Uverejnené pod názvom V piatok bola otvorená v Prahe výstava Slovenska a Podkarpatskej Rusi
|
| 650 |
0 |
7 |
|a ľudové odevy
|2 snkbucl
|9 85297
|
| 650 |
0 |
7 |
|a slovenské maliarstvo
|2 MM
|9 3124
|
| 650 |
0 |
7 |
|a olejomaľba
|2 snkbucl
|9 30054
|
| 651 |
|
7 |
|a Čičmany (Slovensko)
|2 snkbucl
|9 69879
|
| 655 |
|
7 |
|a reprodukcie výtvarných diel
|2 MM
|9 310790
|
| 773 |
0 |
|
|t A - Zet
|g Roč. [2], č. 28 (2.2.1937), s. 1
|
| 852 |
|
|
|a SNK
|b KIS3GCP
|
| 910 |
|
|
|a snkrbvumm
|
| 958 |
|
|
|a VY
|
| 999 |
|
|
|c 1753063
|d 1754993
|